000 00679nam a2200253 a 4500
003 AR-BaBNM
005 20251128203057.0
008 082120s2002 ||||||||||||||000 | spa||
040 _cAR-BaBNM
100 1 _aGandia, Enrique de
245 0 0 _aBases de la argentinidad
260 _aBuenos Aires
_bPampa y cielo
_c1964
300 _a173 p.
490 0 _aArgentina fundamental
650 4 _aHISTORIA DE LAS IDEAS
650 4 _aPERIODO HISPANICO
650 4 _aSEMANA DE MAYO
650 4 _aANTECEDENTES DE LA REVOLUCION DE MAYO
650 4 _aCAUDILLOS ARGENTINOS
650 4 _aINDEPENDENCIA ARGENTINA
650 4 _aHISTORIA POLITICA
942 _cBK
998 _cmariana
999 _c1777
_d1777